1635 1083 1848 1135 1123 1243 1842 1906 1065 1075 1662 1156 1804 1106 1030 1565 1085 1600 1422 1303 1389 1475 1063 1792 1997 1810 1854 1383 1637 1126 1536 1332 1339 1555 1667 1307 1404 1286 1162 1597 1944 1818 1372 1455 1691 1676 1272 1848 1940 1372 1260 1663 1461 1133 1025 1783 1137 1767 1802 1518 1802 1720 1201 1685 1971 1749 1736 1897 1360 1821 1761 1354 1204 1407 1342 1499 1119 1217 1787 1463 1960 1989 1623 1892 1915 1368 1316 1573 1844 1527 1906 1330 1244 1346 1450 1789 1021 1104 1662 BCNSPRNW ULIB Ver.6.0+V

เปลี่ยนเป็นภาษาไทย

Change to English
 แสดงรายละเอียดบรรณานุกรม
  กลับหน้าหลัก

Brief Record : Get Marc (ISO 2709) : E-mail record : QR code < ปิดหน้าต่าง
LEADER : 00000nam 2200000uu 4500
001    13399112545
003     ULIB
008    110824s2554||||th 000 0 tha d
020    9786165001298
090    นว.^bณ429ค 2554
100 0  ณารา
245 00 คุณชายธราธร/^cณารา
250    พิมพ์ครั้งที่ 4
260    กรุงเทพฯ :^bพิมพ์คำ,^c2554
300    420 หน้า
490 0  นวนิยายชุด สุภาพบุรุษจุฑาเทพ
945    ^p260^l0^i18514
995    กัณชพร
999    ^aใช้งานได้ทุกระบบ
รายการนี้ยังไม่มีแท็ก
คุณยังไม่ได้ล็อกอิน คุณสามารถมีกิจกรรมร่วมกับเว็บไซต์ได้ แต่ต้องล็อกอินก่อน ::
  ล็อกอิน

รายการสื่อสารสนเทศ

ลำดับที่ ประเภท เลขเรียก/บาร์โค้ด สถานที่ สถานะ
1. นวนิยาย
นวนิยาย
นว. ณ429ค 2554  
  Barcode: 18514
ห้องสมุดวิทยาเขตสวรรค์ประชารักษ์
►นวนิยาย
บนชั้น
  ขอยืม

รายการใกล้เคียง
    ผู้แต่ง [ณารา]

BibComment


ยังไม่เคยถูกคอมเมนท์

คอมเมนท์ทรัพยากรรายการนี้
  คอมเมนท์: คุณชายธราธร ณารา


 Copyright 2026. Bcnsprnw @Library